000 00778nam a2200241 i 4500
001 60154
003 ES-MaACL
005 20250831121800.0
007 t|
008 031103s1986 sp l |||| | spa d
020 _a84-309-1259-2
080 _a331.105:351.83(460)"19"(094.5)
245 0 0 _aLegislación sindical /
_cedición preparada por Alfredo Montoya Melgar y Juan García Abellán.
260 _aMadrid :
_bTecnos,
_c1986.
300 _a274 p. ;
_c17 cm.
490 1 _aBiblioteca de textos legales
650 7 _aDerecho sindical-
_zEspaña
_2
_9148233
700 1 _aMontoya Melgar, Alfredo
_982712
700 1 _aGarcía Abellán, Juan.
_954109
830 0 _aBiblioteca de textos legales
_9177271
852 _aES-MaACL
_jL-11720
999 _c60154
_d60154